000 00917cam a22002411i 4500
003 SA-RiAUC
005 20251014063844.0
008 251004q19801989su g 000rp ara c
040 _aSA-RiAUC
_bara
_cSA-RiAUC
_erda
050 4 _bD59 1980z
082 0 4 _a811.9
_qSA-RiAUC
090 _a811.9
_bر ج ب
100 1 _aرجب، ضياء الدين حمزة،
_d1335-1396 هجري
_eمؤلف.
245 1 0 _aديوان ضياء الدين رجب :
_bزحمة العمر، سبحات، رثاء.
264 1 _aجدة :
_bدار الأصفهاني للطباعة والنشر،
_c[بين 1980 و1989]
300 _a456 صفحة ؛
_c24 سم
336 _aنص
_btxt
_2rdacontent
_3كتاب
337 _aبدون وسيط
_bn
_2rdamedia
338 _aمجلد
_bnc
_2rdacarrier
650 7 _aالشعر العربي
_yقرن 20
_2aucsh
942 _2ddc
_cBOOK
_n0
949 _aSA-JeALM
_d251004
_umohamedma123
_n1
999 _c12521
_d12521